Cargando...
Brand switch /
| Autor Principal: | |
|---|---|
| Formato: | Printed Book |
| Publicado: |
Mumbai :
Jaico Publishing House ,
2001.
|
| Subjects: |
| LEADER | 00487cam a2200145ua 4500 | ||
|---|---|---|---|
| 020 | |a 81-7992-349-5 | ||
| 082 | 1 | 4 | |a 658.827 |b JAG-B |
| 100 | 1 | |a Jagdeep Kapoor. | |
| 245 | 1 | 0 | |a Brand switch / |
| 260 | |a Mumbai : |b Jaico Publishing House , |c 2001. | ||
| 300 | |a 120p ; | ||
| 650 | 0 | |a Brand management | |
| 942 | |c BK | ||
| 999 | |c 35541 |d 35541 | ||
| 952 | |0 0 |1 0 |4 0 |6 658_827000000000000_JAGB |7 0 |9 45565 |a KU |b KU |d 2015-07-05 |e KU/Pl.D./UGC/786/05 dtd.18/06/2005 |l 1 |o 658.827 JAG-B |p MB02282 |r 2020-12-24 |s 2017-10-30 |y BK | ||